Business communication today. (Record no. 541410)

000 -LEADER
fixed length control field 00490 a2200145 4500
082 ## - DEWEY DECIMAL CLASSIFICATION NUMBER
Classification number 658.45
Author Mark BOV
100 ## - MAIN ENTRY--PERSONAL NAME
Personal name Bovée, Courtland L.
9 (RLIN) 7258
245 ## - TITLE STATEMENT
Title Business communication today.
260 ## - PUBLICATION, DISTRIBUTION, ETC.
Place of publication, distribution, etc. Upper Saddle River, N.J.
Name of publisher, distributor, etc. Harlow : Pearson Education,
Date of publication, distribution, etc. 2010.
300 ## - PHYSICAL DESCRIPTION
Extent xxv,582p.
Dimensions ;28cm
500 ## - GENERAL NOTE
General note Business communication ; Communication in organizations ;Management and Business Studies
526 ## - STUDY PROGRAM INFORMATION NOTE
Program name 0
Interest level 0
Reading level 0
Title point value 658_450000000000000_BOV
650 ## - SUBJECT ADDED ENTRY--TOPICAL TERM
Topical term following geographic name entry element NUST
9 (RLIN) 6342
942 ## - ADDED ENTRY ELEMENTS (KOHA)
Source of classification or shelving scheme
Koha item type Book
Holdings
Withdrawn status Lost status Source of classification or shelving scheme Damaged status Not for loan Permanent Location Current Location Date acquired Total Checkouts Full call number Barcode Date last seen Copy number Price effective from Koha item type
          Military College of Engineering (MCE) Military College of Engineering (MCE) 07/02/2013   658.45 BOV MCE-38108 07/02/2013 1 07/02/2013 Book
© 2023 Central Library, National University of Sciences and Technology. All Rights Reserved.